000 01290nam a2200385Ia 4500
001 Z_3650
003 CHAP
008 220113s1976 xx 000 0 und d
010 _a166732
040 _cCHAP
082 _a636.08 S36
100 _aSeminario Internacional de Ganadería Tropical (1976 : Acapulco, Gro.)
_9140851
245 _aMemorias /
_cpor FIRA
260 _aMéxico, D.F. :
_bFIRA,
_c1976
300 _av
440 _a
500 _aLa biblioteca tiene : v. 1 Producción de carne -- v. 2 Producción de leche como actividad especializada -- v. 3 Producción de forrajes -- v. 4 Agroindustrias y comercialización -- v. 5 Desarrollo en general de la ganadería en los trópicos financiamient
503 _aDONACION
650 _aBecerros
_xNutrición
_911184
650 _aCarne
_xAspectos económicos
_919062
650 _aForrajes
_xTrópicos
_942599
650 _aGanadería
_xTrópicos
_944856
650 _aIndustría lechera
_957819
650 _aIndustrías agrícolas
_957925
650 _aLeche
_xProducción
_965400
650 _aPlantas forrajeras
_988943
650 _aPolítica ganadera
_990617
650 _aRhizobium
_997124
901 _a636.08 S36
902 _aA
910 _a1976
942 _c1
942 _cc1
999 _c166732
_d166732